<?xml version="1.0" encoding="UTF-8"?>
<record
    xmlns:xsi="http://www.w3.org/2001/XMLSchema-instance"
    xsi:schemaLocation="http://www.loc.gov/MARC21/slim http://www.loc.gov/standards/marcxml/schema/MARC21slim.xsd"
    xmlns="http://www.loc.gov/MARC21/slim">

  <leader>00476nam a22001817a 4500</leader>
  <controlfield tag="005">20260330112636.0</controlfield>
  <controlfield tag="008">260330b        |||||||| |||| 00| 0 eng d</controlfield>
  <datafield tag="020" ind1=" " ind2=" ">
    <subfield code="a">978-93-5250-017-8</subfield>
  </datafield>
  <datafield tag="100" ind1=" " ind2=" ">
    <subfield code="a">MEHTA, ARJUN</subfield>
  </datafield>
  <datafield tag="245" ind1=" " ind2=" ">
    <subfield code="a">EMERGENCY MEDICINE</subfield>
  </datafield>
  <datafield tag="250" ind1=" " ind2=" ">
    <subfield code="a">2ND ED</subfield>
  </datafield>
  <datafield tag="260" ind1=" " ind2=" ">
    <subfield code="a">NEW DELHI</subfield>
    <subfield code="b">THE HEALTH SCIENCES PUBLISHER</subfield>
    <subfield code="c">2016</subfield>
  </datafield>
  <datafield tag="300" ind1=" " ind2=" ">
    <subfield code="a">XVIII, 398P.</subfield>
  </datafield>
  <datafield tag="500" ind1=" " ind2=" ">
    <subfield code="a">INCLUDES INDEX</subfield>
  </datafield>
  <datafield tag="650" ind1=" " ind2=" ">
    <subfield code="a">EMERGENCY MEDICINE</subfield>
  </datafield>
  <datafield tag="700" ind1=" " ind2=" ">
    <subfield code="a">CULLEY, CATHERINE</subfield>
  </datafield>
  <datafield tag="942" ind1=" " ind2=" ">
    <subfield code="2">lcc</subfield>
    <subfield code="c">BK</subfield>
  </datafield>
  <datafield tag="999" ind1=" " ind2=" ">
    <subfield code="c">216894</subfield>
    <subfield code="d">216894</subfield>
  </datafield>
  <datafield tag="952" ind1=" " ind2=" ">
    <subfield code="0">0</subfield>
    <subfield code="1">0</subfield>
    <subfield code="2">lcc</subfield>
    <subfield code="4">0</subfield>
    <subfield code="6">RC00867 M44  02016</subfield>
    <subfield code="7">0</subfield>
    <subfield code="8">PNS</subfield>
    <subfield code="9">376569</subfield>
    <subfield code="a">KSUL</subfield>
    <subfield code="b">KSUL</subfield>
    <subfield code="c">DISPLAY</subfield>
    <subfield code="d">2026-03-30</subfield>
    <subfield code="i">112641</subfield>
    <subfield code="l">0</subfield>
    <subfield code="o">RC 86.7 .M44 2016</subfield>
    <subfield code="p">A000058</subfield>
    <subfield code="r">2026-03-30 11:28:00</subfield>
    <subfield code="t">1</subfield>
    <subfield code="w">2026-03-30</subfield>
    <subfield code="y">BK</subfield>
  </datafield>
  <datafield tag="952" ind1=" " ind2=" ">
    <subfield code="0">0</subfield>
    <subfield code="1">0</subfield>
    <subfield code="2">lcc</subfield>
    <subfield code="4">0</subfield>
    <subfield code="6">RC00867 M44  02016</subfield>
    <subfield code="7">0</subfield>
    <subfield code="8">PNS</subfield>
    <subfield code="9">376570</subfield>
    <subfield code="a">KSUL</subfield>
    <subfield code="b">KSUL</subfield>
    <subfield code="c">DISPLAY</subfield>
    <subfield code="d">2026-03-30</subfield>
    <subfield code="i">112642</subfield>
    <subfield code="l">0</subfield>
    <subfield code="o">RC 86.7 .M44 2016</subfield>
    <subfield code="p">A000057</subfield>
    <subfield code="r">2026-03-30 11:28:00</subfield>
    <subfield code="t">2</subfield>
    <subfield code="w">2026-03-30</subfield>
    <subfield code="y">BK</subfield>
  </datafield>
</record>
